000 00829nam a2200241 a 4500
001 BRCA_3839
005 20190320204438.0
008 111209s1947----mx-a######---#000-0#spa-#
041 _aspa
044 _amx
050 4 _aZ1019
_b.D63 1947
245 1 0 _aDocumentos para la historia de la cultura en México
_buna biblioteca del siglo XVII : catálogo de libros expurgados a los jesuitas en el siglo XVIII
260 _aMéxico
_bUNAM : Archivo General de la Nación
_c1947
300 _a188 p.
_bil.
_c20 cm.
500 _aIncluye índice de libros e índice de láminas.
500 _aB184
504 _aIncluye referencias bibliográficas.
650 1 4 _aJesuitas en México.
_99998
650 1 4 _aLibros prohibidos
_eBibliografía.
_99999
651 4 _aMéxico
_vVida intelectual.
_99953
902 _aGFM
942 _2lcc
_cB
999 _c3567
_d3567